| 000 | 00436nam a2200169Ia 4500 | ||
|---|---|---|---|
| 003 | GCL | ||
| 008 | 140319s9999 xx 000 0 eng d | ||
| 040 |
_aGCL / _cGCL |
||
| 082 | 0 | 4 |
_a398.941 _bD D |
| 100 | 1 | _aDOURNON | |
| 245 | 1 | 0 |
_aLE DICTIONNAIRE DES PROVERBES ET DICTONS DE FRANCE / _cDOURNON |
| 260 |
_a[S.N] : _bHACHETTE ، _c1986 |
||
| 300 | _a347 P | ||
| 650 | 0 | 4 | _aLITERATURE |
| 650 | 0 | 4 | _aFRENCH LITERATURE |
| 942 |
_2ddc _cBK |
||
| 999 |
_c22480 _d22480 |
||